000 00501nam a2200169 i 4500
001 62256
003 ES-MaACL
005 20250907063045.0
007 t|
008 031119s1962 cu ||||1| spa d
100 1 _aFeijóo, Samuel,
_d1914-1992
_949109
245 1 0 _aCaminante montes
_b: (1955-59) /
_cSamuel Feijoo.
260 _a[La Habana] :
_bUniversidad Central de Las Villas,
_c1962.
300 _a175 p. ;
_c20 cm.
852 _aES-MaACL
_jC-23499
_bR.52133
999 _c62256
_d62256